000 01085nam a2200301 4500
003 EG-GICUC
005 20260212134506.0
008 260212s2007 ua ||||fr|||| 00| 0 ara d
040 _a EG-GICUC
_bara
_c EG-GICUC
_d EG-GICUC
_erda
041 0 _aara
082 0 4 _221
_a341.24
_bص ل . ن
092 0 4 _221
099 _aLaw1 341.24 ص ل . ن 1 ed - 2007
100 0 _aصلاح الدين حسن السيسي
_eAuthor.
245 1 0 _aالنظم والمنظمات الإقليمة والدولية /
_cصلاح الدين حسن السيسي.
250 _aالطبعة الأولى
264 1 _aالقاهرة :
_bدار الفكر العربي،
_c2007.
300 _a564 ؛ صفحة
_c24 سم
336 _2rda content
_atext
337 _2rda media
_aComputer
338 _2rda carrier
_aOnline Resource
546 _aالنص باللغة العربية
650 1 4 _aالقانون الدولي العام
650 1 4 _aالمنظمات الإقليمية
856 4 0 _uhttps://fll.law.cu.edu.eg/fulltext/bks/B11-07748.pdf
905 _a30
942 _2ddc
_cBK
_e21
_n0
999 _c62800
_d62800